Statistics for Foods by Country of Origin #2

Click here to take the quiz!

General Stats

  • This quiz has been taken 51,762 times
    (18,962 since last reset)
  • The average score is 13 of 24

Answer Stats

FoodCountry% Correct
BurritosMexico
97%
WontonsChina
83%
SauerbratenGermany
83%
GazpachoSpain
79%
QuicheFrance
78%
Plum puddingUnited Kingdom
78%
TempuraJapan
75%
Saag paneerIndia
64%
PierogisPoland
61%
FondueSwitzerland
60%
Jerk chickenJamaica
59%
SpanakopitaGreece
55%
BorschtUkraine
54%
ShawarmaTurkey
53%
JambalayaUnited States
52%
CouscousAlgeria
46%
BulgogiKorea
45%
Tom yumThailand
43%
Osso bucoItaly
39%
CoffeeYemen
38%
SatayIndonesia
35%
CevichePeru
35%
SisigPhilippines
15%
KabsaSaudi Arabia
11%

Score Distribution

Percentile by Number Answered

Percent of People with Each Score

Your Score History

You have not taken this quiz since the last reset